| 000 | 01301nam a22002657a 4500 | ||
|---|---|---|---|
| 005 | 20170124103147.0 | ||
| 010 | _aB-070810 | ||
| 020 |
_c125.00 _a8171490131 |
||
| 035 | _aB-070810 | ||
| 037 | _bCen Lib/Ret | ||
| 040 |
_aDPL _bHN |
||
| 082 |
_a005.8 _bधुरेन्द्र |
||
| 100 |
_aधुरेन्द्र कुमार _986615 |
||
| 245 |
_aकंप्यूटर वायरस : _cधुरेन्द्र कुमार [एवं] रजतवंत सिंह _bसुरक्षा एवं निवारण / |
||
| 246 |
_aComputer virus :surksha evam nivaran / _bby Dhurendra Kumar [evam] Rajvant SIngh |
||
| 260 |
_aदिल्ली _bसाहित्य सहकार _c2002 |
||
| 270 |
_bदिल्ली _a29/62 बी, गली न. 11, विश्वास नगर _e110032 |
||
| 300 |
_a127पृ. _c20सेमी(सजिल्द ) |
||
| 650 |
_aकंप्यूटर विज्ञान _x _z _986616 |
||
| 650 |
_aवायरस--सुरक्षा एवं निवारण _958860 |
||
| 650 |
_aComputer Science _986617 |
||
| 650 |
_aVirus - Safety and Prevention _986618 |
||
| 700 |
_aरजतवंत सिंह _986619 |
||
| 942 |
_2ddc _cHN _h005.8 _mधुरेन्द्र |
||
| 999 |
_c119736 _d119736 |
||